Élimination par catégorie - Spécial "Géographie" - Statistiques

Statistiques générales
  • Ce quiz a été pris 313 fois
  • Le résultat moyen est 15 sur 20
Statistiques - réponses
Catégories Questions % Correct
Pays Pays
96%
Pays ... situé en Europe
96%
Pays ... appartenant à l'Union Européenne
96%
Capitale Capitale
96%
Capitale … d'un pays d'Afrique
94%
Pays … n'ayant pas pour monnaie l'Euro
91%
Drapeau Drapeau
90%
Drapeau … d'un pays d'Asie
89%
Drapeau … bicolore
89%
Pays … commençant par la lettre "H" Hongrie
89%
Gentilé Gentilé d'une préfecture française
77%
Gentilé … de Nouvelle-Aquitaine
70%
Gentilé … d'un département bordé par l'Océan Atlantique
68%
Gentilé … d'un département commençant par une lettre comprise entre A et J
68%
Capitale … dont le pays est limitrophe de la République Démocratique du Congo
55%
Capitale … située dans l'hémisphère Sud
55%
Drapeau … comportant du bleu
54%
Gentilé … solution du rébus : Rochelais(e)
49%
Drapeau … et un aigle en vol en son centre Kazakhstan
41%
Capitale … de la Tanzanie Dodoma
39%
Aucun quiz correspondant
Distribution des résultats
% des personnes avec chaque résultat
Percentile par nombre de réponses
Votre historique - résultats
Vous n’avez pas pris ce quiz